000
00281nam a2200133Ia 4500
008
231017s9999 xx 000 0 und d
082
_a
627.04
082
_b
WAT
245
0
_a
Water wave mechanics
245
0
_c
EM-110-2
260
_b
EM-110-2
300
_c
30cm
942
_c
REP
999
_c
606453
_d
606453